Didáctica universitaria en entornos virtuales de enseñanza-aprendizaje
Guardat en:
| Autors principals: | , , |
|---|---|
| Format: | Llibre |
| Idioma: | espanyol |
| Publicat: |
Madrid
Narcea
2008
|
| Edició: | 2a. ed |
| Col·lecció: | Colección Universitaria
|
| Matèries: | |
| Etiquetes: |
Afegir etiqueta
Sense etiquetes, Sigues el primer a etiquetar aquest registre!
|
MARC
| LEADER | 00000nam a2200000 a 4500 | ||
|---|---|---|---|
| 001 | UCG3523 | ||
| 003 | CL-VaPUC | ||
| 008 | 100902e20080000SP |||||||||||||||||spa|d | ||
| 020 | |a 9788427715349 | ||
| 082 | 0 | 4 | |a 378.17 |b BAU |2 21 |
| 100 | 0 | |a Bautista Pérez, Guillermo |e author |9 552735 | |
| 700 | 0 | |a Borges Sáiz, Federico |e author |9 552736 | |
| 700 | 0 | |a Forés i Miravalles, Anna |e author |9 552737 | |
| 245 | 1 | 0 | |a Didáctica universitaria en entornos virtuales de enseñanza-aprendizaje |
| 250 | |a 2a. ed | ||
| 300 | |a 243 p | ||
| 942 | |c BK | ||
| 945 | |d 20100902 00:00:00 |a mfarfan | ||
| 260 | |a Madrid |b Narcea |c 2008 | ||
| 650 | 0 | |a Métodos de enseñanza |9 270413 | |
| 650 | 0 | |a Educación superior |9 223851 | |
| 650 | 0 | |a Universidades |9 256317 | |
| 650 | 7 | |a RECURSOS DE INFORMACION |2 CL-VaPUC |9 520538 | |
| 650 | 0 | |a Capacitación docente |9 312871 | |
| 650 | 0 | |a Aprendizaje |9 254827 | |
| 650 | 0 | |a Innovaciones pedagógicas |9 307471 | |
| 583 | |a last modification |c 20100902 00:00:00 |k Rodrigo Vera | ||
| 490 | 0 | |a Colección Universitaria | |
| 999 | |c 342591 |d 342589 | ||
| 952 | |0 0 |1 0 |4 0 |6 378_170000000000000_BAU_2008 |7 0 |8 A |9 438874 |a BIBEDU |b BIBEDU |d 2019-11-22 |i 4715950 |o 378.17 BAU 2008 |p 4715950 |r 2019-11-22 |w 2019-11-22 |y BK |k PAR | ||
| 952 | |0 0 |1 0 |4 0 |6 378_170000000000000_BAU_2008 |7 0 |8 A |9 438875 |a BIBEDU |b BIBEDU |d 2019-11-22 |i 4715969 |o 378.17 BAU 2008 |p 4715969 |r 2019-11-22 |w 2019-11-22 |y BK |k PAR | ||
| 952 | |0 0 |1 0 |4 0 |6 378_170000000000000_BAU_2008 |7 0 |8 A |9 438876 |a BIBEDU |b BIBEDU |d 2019-11-22 |i 4715977 |o 378.17 BAU 2008 |p 4715977 |r 2019-11-22 |w 2019-11-22 |y BK |k PAR | ||